| 000 | 00787nam a22001937a 4500 | ||
|---|---|---|---|
| 005 | 20240530110912.0 | ||
| 008 | 151011s2011 ua a g 000 0 ara d | ||
| 017 |
_a2010/20062 _bمصر . دار الكتب المصرية |
||
| 020 | _a9789774311926 | ||
| 040 | _aEG-CaGPL | ||
| 082 | 0 | 4 |
_221 _a658.402/ _bم م |
| 100 | 0 | _aمحمد على عبدالوهاب . | |
| 245 | 1 | 0 |
_aمنهجة التوقف نحو تغيير المسار للافراد و المؤسسات : _bاول منهجة عربية فى الفكر الادارى الحديث / _cمحمد على عبدالوهاب . |
| 250 | _aط1. | ||
| 260 |
_aالقاهرة : _bدار العالم العربى ، _c2011 . |
||
| 300 |
_a111 ص ؛ _c24 سم . |
||
| 942 |
_2ddc _cBK |
||
| 999 |
_c66329 _d66329 |
||